[Event "Chebanenco Memorial"]
[Site "Kishinev"]
[Date "2010.08.10"]
[Round "4"]
[White "Mocanu, Sergiu"]
[Black "Melas, Renos"]
[Result "1-0"]
[WhiteElo "2227"]
[BlackElo "2197"]
[PlyCount "101"]
[EventDate "2010.08.07"]
[EventType "tourn"]
[EventRounds "9"]
[EventCountry "MDA"]
[SourceTitle "EXT 2013"]
[Source "ChessBase"]
[SourceDate "2012.11.22"]
[SourceVersion "1"]
[SourceVersionDate "2012.11.22"]
[SourceQuality "1"]

1. d4 Nf6 2. Nf3 e6 3. g3 d5 4. c4 dxc4 5. Bg2 Nbd7 6. 0-0 Nb6 7. Qc2 Be7 8. Nbd2 0-0 9. Nxc4 Nxc4 10. Qxc4 c6 11. Bg5 Qb6 12. Qc2 Rd8 13. Rfd1 Bd7 14. Ne5 Rac8 15. Nc4 Qa6 16. Qb3 b6 17. e3 c5 18. Ne5 c4 19. Qc3 Nd5 20. Bxd5 Bxg5 21. Bxc4 b5 22. Nxd7 Rxc4 23. Nc5 Rxc3 24. Nxa6 Rc2 25. Rab1 Be7 26. Rdc1 Rdc8 27. Nc5 Rxc1+ 28. Rxc1 e5 29. Nb3 Rxc1+ 30. Nxc1 exd4 31. exd4 Bf6 32. Ne2 Kf8 33. Kg2 a6 34. Kf3 Ke7 35. Ke4 Kd6 36. Nf4 g6 37. Nd3 Bg7 38. g4 a5 39. Ne5 f6 40. Nd3 a4 41. Nf4 f5+ 42. gxf5 gxf5+ 43. Kd3 Bf6 44. Nh5 Bh8 45. f3 Kd5 46. Nf4+ Kd6 47. Ne2 Bf6 48. Kc3 Kc6 49. Ng3 f4 50. Ne2 Bg5 51. Kd3 1-0

[Event "Eforie Nord op 2nd"]
[Site "Eforie Nord"]
[Date "2010.06.22"]
[Round "6"]
[White "Mocanu, Sergiu"]
[Black "Peptan, Corina Isabela"]
[Result "1-0"]
[WhiteElo "2227"]
[BlackElo "2416"]
[PlyCount "74"]
[EventDate "2010.06.18"]
[EventType "swiss"]
[EventRounds "11"]
[EventCountry "ROU"]
[SourceTitle "CBM 137 Extra"]
[Source "ChessBase"]
[SourceDate "2010.09.01"]
[SourceVersion "1"]
[SourceVersionDate "2010.09.01"]
[SourceQuality "1"]

1. d4 Nf6 2. c4 e6 3. g3 Bb4+ 4. Bd2 a5 5. Bg2 d5 6. cxd5 exd5 7. Nc3 0-0 8. a3 Be7 9. Nf3 Nbd7 10. 0-0 c6 11. Qc2 Re8 12. Rad1 Bd6 13. Bc1 Nf8 14. Nh4 Ng6 15. Bg5 Nxh4 16. Bxh4 h6 17. Bxf6 Qxf6 18. e4 dxe4 19. Nxe4 Qg6 20. d5 cxd5 21. Rxd5 Bf8 22. Qa4 b5 23. Rxb5 Bd7 24. Nc3 Ra6 25. Be4 Qf6 26. Qc4 Rc8 27. Qe2 Bxb5 28. Qxb5 Rb6 29. Qe2 Rd6 30. Bb1 Rd4 31. h4 Rcd8 32. Qh5 Qb6 33. Ne4 R8d5 34. Qf3 Qxb2 35. Nc3 Qxa3 36. Qxd5 Rxd5 37. Nxd5 Qf3 1-0

[Event "MDA-ch"]
[Site "Kishinev"]
[Date "2010.01.20"]
[Round "5"]
[White "Sanduleac, Vasile"]
[Black "Mocanu, Sergiu"]
[Result "1-0"]
[WhiteElo "2466"]
[BlackElo "2153"]
[PlyCount "73"]
[EventDate "2010.01.16"]
[EventType "tourn"]
[EventRounds "9"]
[EventCountry "MDA"]
[EventCategory "4"]
[SourceTitle "CBM 134 Extra"]
[Source "ChessBase"]
[SourceDate "2010.03.03"]
[SourceVersion "1"]
[SourceVersionDate "2010.03.03"]
[SourceQuality "1"]

1. e4 e6 2. Qe2 c5 3. Nf3 Nc6 4. g3 g6 5. Bg2 Bg7 6. 0-0 Nge7 7. c3 d5 8. d3 b6 9. Re1 Ba6 10. e5 h6 11. h4 Qc7 12. a3 Rc8 13. b4 0-0 14. Bf4 cxb4 15. axb4 Bb7 16. d4 a6 17. Bf1 Na7 18. Qd2 Kh7 19. Bd3 Nb5 20. h5 Nxc3 21. Rc1 Nxb1 22. Raxb1 Qd7 23. Kg2 Rxc1 24. Rxc1 Rh8 25. Rh1 Kg8 26. hxg6 fxg6 27. Bxh6 Nf5 28. Bg5 Rxh1 29. Kxh1 Nxd4 30. Nxd4 Bxe5 31. Bf1 Bxd4 32. Qxd4 e5 33. Qxb6 d4+ 34. Kg1 Qd5 35. Qxg6+ Kf8 36. Qf6+ Kg8 37. Qd8+ 1-0

[Event "Wch U18"]
[Site "Kemer"]
[Date "2009.11.22"]
[Round "11"]
[White "Kanakaris, Georgios"]
[Black "Mocanu, Sergiu"]
[Result "1-0"]
[WhiteElo "2312"]
[BlackElo "2169"]
[PlyCount "61"]
[EventDate "2009.11.12"]
[EventType "swiss"]
[EventRounds "11"]
[EventCountry "TUR"]
[SourceTitle "EXT 2010"]
[Source "ChessBase"]
[SourceDate "2010.11.25"]
[SourceVersion "1"]
[SourceVersionDate "2010.11.25"]
[SourceQuality "1"]

1. d4 d5 2. c4 c6 3. e3 Nf6 4. Nf3 Bf5 5. Nc3 e6 6. Bd3 Bg6 7. 0-0 Nbd7 8. Re1 Be7 9. e4 dxe4 10. Nxe4 Nxe4 11. Bxe4 Bxe4 12. Rxe4 Nf6 13. Re2 0-0 14. Bf4 c5 15. Be5 cxd4 16. Bxd4 Qc7 17. b3 Rfd8 18. Qc2 Nd7 19. Rd1 Bf6 20. Red2 Bxd4 21. Rxd4 Nf6 22. Qd2 Rxd4 23. Qxd4 a6 24. Ne5 Rc8 25. g4 h6 26. h4 Nh7 27. Kg2 Nf8 28. g5 h5 29. Qf4 Re8 30. Rd7 Qxe5 31. Qxe5 1-0

[Event "Wch U18"]
[Site "Kemer"]
[Date "2009.11.18"]
[Round "7"]
[White "Margarido, Ricardo Emanuel Tor"]
[Black "Mocanu, Sergiu"]
[Result "1-0"]
[WhiteElo "1966"]
[BlackElo "2169"]
[PlyCount "57"]
[EventDate "2009.11.12"]
[EventType "swiss"]
[EventRounds "11"]
[EventCountry "TUR"]
[SourceTitle "EXT 2010"]
[Source "ChessBase"]
[SourceDate "2010.11.25"]
[SourceVersion "1"]
[SourceVersionDate "2010.11.25"]
[SourceQuality "1"]

1. d4 Nf6 2. Nf3 g6 3. c4 Bg7 4. g3 0-0 5. Bg2 d6 6. 0-0 Nbd7 7. Qc2 e5 8. Rd1 Re8 9. Nc3 c6 10. h3 Qc7 11. Be3 Nb6 12. b3 Bf5 13. Qb2 a5 14. Nh4 Bc8 15. dxe5 dxe5 16. Bc5 Be6 17. Bd6 Qc8 18. Bxe5 Bxh3 19. Bd4 c5 20. Bxh3 Qxh3 21. Bxc5 Nbd7 22. Bd4 Ng4 23. Nf3 Nde5 24. Ne4 h6 25. Rac1 Rad8 26. Bxe5 Rxd1+ 27. Rxd1 Rxe5 28. Rd8+ Kh7 29. Qxe5 1-0

[Event "Wch U18"]
[Site "Kemer"]
[Date "2009.11.14"]
[Round "3"]
[White "Lovik, Lasse Ostebo"]
[Black "Mocanu, Sergiu"]
[Result "1-0"]
[WhiteElo "2379"]
[BlackElo "2169"]
[PlyCount "129"]
[EventDate "2009.11.12"]
[EventType "swiss"]
[EventRounds "11"]
[EventCountry "TUR"]
[SourceTitle "EXT 2010"]
[Source "ChessBase"]
[SourceDate "2010.11.25"]
[SourceVersion "1"]
[SourceVersionDate "2010.11.25"]
[SourceQuality "1"]

1. e4 c6 2. d4 d5 3. Nc3 dxe4 4. Nxe4 Nf6 5. Nxf6+ gxf6 6. Bf4 Bf5 7. Nf3 Nd7 8. Qd2 e6 9. 0-0-0 Qb6 10. Nh4 Bg6 11. Nxg6 hxg6 12. c4 Qb4 13. Qc2 Bh6 14. Bxh6 Rxh6 15. Be2 0-0-0 16. Rd3 Qd6 17. h3 Rh4 18. Qd2 Nf8 19. Rd1 Qf4 20. Qe3 f5 21. Bf3 Qxe3+ 22. fxe3 Nh7 23. Kd2 Nf6 24. b4 g5 25. Ra3 g4 26. hxg4 fxg4 27. Be2 Ne4+ 28. Kc2 Kb8 29. Rb3 Rh2 30. Rg1 f5 31. c5 a6 32. a4 Kc7 33. Bc4 Ng5 34. Kd3 Rdh8 35. Rbb1 R8h6 36. b5 axb5 37. axb5 cxb5 38. Rxb5 Rh1 39. Rxh1 Rxh1 40. Rb6 Rh2 41. Bxe6 Nxe6 42. Rxe6 Rxg2 43. Rg6 Rg3 44. Rf6 Rf3 45. Ke2 Kd7 46. d5 Kc7 47. Rf7+ Kb8 48. Rf6 Kc7 49. Rf8 Rg3 50. Rf7+ Kc8 51. Rxf5 Rg2+ 52. Kd3 g3 53. Rg5 Rg1 54. Ke4 g2 55. Kf3 Rc1 56. Rxg2 Rxc5 57. Ke4 Rc4+ 58. Ke5 Rh4 59. Rg8+ Kc7 60. Rg7+ Kb6 61. e4 Rh5+ 62. Kd4 Rh6 63. Rg1 Rh4 64. Rc1 Rh5 65. d6 1-0

[Event "Timisoara Cup-B 4th"]
[Site "Timisoara"]
[Date "2009.08.06"]
[Round "6"]
[White "Mocanu, Sergiu"]
[Black "Foisor, Mihaela Veronica"]
[Result "1-0"]
[WhiteElo "2137"]
[BlackElo "2123"]
[PlyCount "61"]
[EventDate "2009.08.01"]
[EventType "tourn"]
[EventRounds "9"]
[EventCountry "ROU"]
[SourceTitle "CBM 131 Extra"]
[Source "ChessBase"]
[SourceDate "2009.09.03"]
[SourceVersion "2"]
[SourceVersionDate "2009.09.16"]
[SourceQuality "1"]

1. d4 d5 2. c4 dxc4 3. e4 Nf6 4. Nc3 c5 5. d5 e6 6. Bxc4 exd5 7. Nxd5 Nc6 8. Bf4 Nxd5 9. Bxd5 Nd4 10. Ne2 Ne6 11. Be5 Be7 12. Qa4+ Bd7 13. Qb3 Qa5+ 14. Bc3 Qb6 15. Bxb7 Rb8 16. Qxb6 axb6 17. Bd5 f6 18. e5 Nc7 19. exf6 Bxf6 20. Bxf6 gxf6 21. Bb3 Bc6 22. 0-0 b5 23. Rfe1 Kf8 24. Rac1 c4 25. Bxc4 bxc4 26. Rxc4 Bd5 27. Rxc7 Rxb2 28. Nf4 Bxa2 29. Rc8+ Kg7 30. Nh5+ Kh6 31. Rxh8 1-0

[Event "Timisoara Cup-B 4th"]
[Site "Timisoara"]
[Date "2009.08.04"]
[Round "4"]
[White "Mocanu, Sergiu"]
[Black "Adzic, Slobodan"]
[Result "1-0"]
[WhiteElo "2137"]
[BlackElo "2154"]
[PlyCount "51"]
[EventDate "2009.08.01"]
[EventType "tourn"]
[EventRounds "9"]
[EventCountry "ROU"]
[SourceTitle "CBM 131 Extra"]
[Source "ChessBase"]
[SourceDate "2009.09.03"]
[SourceVersion "2"]
[SourceVersionDate "2009.09.16"]
[SourceQuality "1"]

1. d4 g6 2. c4 Bg7 3. Nc3 d6 4. Nf3 Nf6 5. e4 0-0 6. Be2 Bg4 7. Be3 Nc6 8. d5 Bxf3 9. gxf3 Nb8 10. h4 c6 11. Qd2 Re8 12. f4 Nbd7 13. h5 cxd5 14. cxd5 Rc8 15. hxg6 hxg6 16. f3 Qa5 17. Bd4 e5 18. dxe6 fxe6 19. Rg1 Kf7 20. Rd1 e5 21. fxe5 Nxe5 22. Bxe5 dxe5 23. Qg5 Kf8 24. Qxg6 Re7 25. Qf5 Rec7 26. Kf1 1-0

[Event "Kishinev ULIM op"]
[Site "Kishinev"]
[Date "2007.10.08"]
[Round "3"]
[White "Panush, Viktor"]
[Black "Mocanu, Sergiu"]
[Result "1/2-1/2"]
[WhiteElo "2235"]
[BlackElo "2063"]
[PlyCount "51"]
[EventDate "2007.10.06"]
[EventType "swiss"]
[EventRounds "9"]
[EventCountry "MDA"]
[SourceTitle "EXT 2008"]
[Source "ChessBase"]
[SourceDate "2007.11.25"]
[SourceVersion "1"]
[SourceVersionDate "2007.11.25"]
[SourceQuality "1"]

1. e4 c6 2. Nc3 g6 3. d4 Bg7 4. g3 d5 5. e5 Nh6 6. Bg2 0-0 7. Nf3 Bg4 8. h3 Bxf3 9. Bxf3 e6 10. 0-0 Nf5 11. g4 Ne7 12. Re1 c5 13. Ne2 cxd4 14. Nxd4 Nec6 15. Bf4 Nd7 16. c4 Ndxe5 17. Bxe5 Nxe5 18. cxd5 Nxf3+ 19. Nxf3 Qxd5 20. Qxd5 exd5 21. Rad1 Rfe8 22. Rxe8+ Rxe8 23. Rxd5 Bxb2 24. Rb5 Ba3 25. Rxb7 Bc5 26. Rb2 1/2-1/2

[Event "Novi Sad U20 op"]
[Site "Novi Sad"]
[Date "2007.08.24"]
[Round "7"]
[White "Zivkovic, Dejan"]
[Black "Mocanu, Sergiu"]
[Result "1/2-1/2"]
[WhiteElo "2191"]
[BlackElo "2008"]
[PlyCount "56"]
[EventDate "2007.08.18"]
[EventType "swiss"]
[EventRounds "9"]
[EventCountry "YUG"]
[SourceTitle "CBM 120 Extra"]
[Source "ChessBase"]
[SourceDate "2007.11.01"]
[SourceVersion "1"]
[SourceVersionDate "2007.11.01"]
[SourceQuality "1"]

1. e4 c6 2. d4 g6 3. Nf3 Bg7 4. c3 d5 5. exd5 cxd5 6. Bd3 Nc6 7. 0-0 Nh6 8. Re1 0-0 9. Bf4 Bf5 10. Ne5 Bxd3 11. Qxd3 Nxe5 12. Bxe5 e6 13. Nd2 Nf5 14. Nf3 Nh4 15. Nxh4 Qxh4 16. g3 Qe7 17. Bxg7 Kxg7 18. f4 Qc7 19. Re2 Rac8 20. Rf1 Qc4 21. Qxc4 Rxc4 22. g4 Re8 23. f5 b5 24. fxe6 Rxe6 25. Rxe6 fxe6 26. Re1 Kf6 27. a3 a5 28. Re3 b4 1/2-1/2

[Event "Novi Sad U20 op"]
[Site "Novi Sad"]
[Date "2007.08.19"]
[Round "2"]
[White "Mocanu, Sergiu"]
[Black "Balazs, Gabor1"]
[Result "1/2-1/2"]
[WhiteElo "2008"]
[BlackElo "2305"]
[PlyCount "60"]
[EventDate "2007.08.18"]
[EventType "swiss"]
[EventRounds "9"]
[EventCountry "YUG"]
[SourceTitle "CBM 120 Extra"]
[Source "ChessBase"]
[SourceDate "2007.11.01"]
[SourceVersion "1"]
[SourceVersionDate "2007.11.01"]
[SourceQuality "1"]

1. d4 d5 2. c4 c6 3. Nf3 Nf6 4. e3 Bg4 5. Nc3 e6 6. Be2 Nbd7 7. 0-0 Bd6 8. b3 0-0 9. Bb2 Qe7 10. h3 Bxf3 11. Bxf3 dxc4 12. bxc4 e5 13. Qc2 Rfe8 14. Ne4 Nxe4 15. Bxe4 Nf6 16. dxe5 Bxe5 17. Bxe5 Qxe5 18. Bf3 Nd7 19. Rad1 Nc5 20. Rd2 a5 21. Qc1 a4 22. Qa3 g6 23. Rfd1 Kg7 24. Bd5 Qe7 25. Bf3 Qe5 26. Bd5 Ra5 27. Bf3 Ra6 28. Bd5 Ra5 29. Bf3 Ne6 30. Bg4 Nc5 1/2-1/2

[Event "Ilichevsk Sunny Pawn op"]
[Site "Ilichevsk"]
[Date "2007.07.30"]
[Round "10"]
[White "Yavorskiy, Oleg"]
[Black "Mocanu, Sergiu"]
[Result "1/2-1/2"]
[WhiteElo "2172"]
[BlackElo "2008"]
[PlyCount "66"]
[EventDate "2007.07.20"]
[EventType "swiss"]
[EventRounds "11"]
[EventCountry "UKR"]
[SourceTitle "CBM 119 Extra"]
[Source "ChessBase"]
[SourceDate "2007.09.04"]
[SourceVersion "1"]
[SourceVersionDate "2007.09.04"]
[SourceQuality "1"]

1. e4 c6 2. d4 d5 3. exd5 cxd5 4. Bd3 Nc6 5. c3 g6 6. Nf3 Bg7 7. 0-0 Nh6 8. Bg5 Bf5 9. Bxh6 Bxh6 10. Bxf5 gxf5 11. Ne5 Nxe5 12. dxe5 e6 13. Na3 a6 14. c4 0-0 15. cxd5 Qxd5 16. Qxd5 exd5 17. Rfd1 Rad8 18. Rd4 Bg7 19. f4 f6 20. exf6 Rxf6 21. Rad1 Rb6 22. R4d2 Rxb2 23. Rxb2 Bxb2 24. Nc4 Bc1 25. Rxc1 Rc8 26. Rb1 Rxc4 27. Rxb7 Rxf4 28. Rd7 Rd4 29. Kf2 Rd2+ 30. Kf3 a5 31. a4 Rd4 32. Ke3 Re4+ 33. Kf3 Rd4 1/2-1/2

[Event "Ilichevsk Sunny Pawn op"]
[Site "Ilichevsk"]
[Date "2007.07.28"]
[Round "8"]
[White "Petrushin, Alexander I"]
[Black "Mocanu, Sergiu"]
[Result "0-1"]
[WhiteElo "2474"]
[BlackElo "2008"]
[PlyCount "90"]
[EventDate "2007.07.20"]
[EventType "swiss"]
[EventRounds "11"]
[EventCountry "UKR"]
[SourceTitle "CBM 119 Extra"]
[Source "ChessBase"]
[SourceDate "2007.09.04"]
[SourceVersion "1"]
[SourceVersionDate "2007.09.04"]
[SourceQuality "1"]

1. e4 c6 2. Nf3 g6 3. d4 d5 4. Nc3 Bg7 5. Be3 Bg4 6. Be2 Nf6 7. e5 Nfd7 8. Qd2 h5 9. 0-0-0 Bxf3 10. gxf3 e6 11. Rhg1 Nb6 12. Bd3 Nc8 13. Ne2 Ne7 14. Bg5 Nd7 15. Nf4 Nf8 16. Rde1 Qc7 17. Nh3 0-0-0 18. Qf4 Nf5 19. Bxf5 exf5 20. Bxd8 Qxd8 21. Ng5 Bh6 22. h4 Qb6 23. Qe3 Ne6 24. Rd1 Bxg5 25. hxg5 f4 26. Qc3 h4 27. Rd3 h3 28. Qd2 Rh5 29. c3 Qd8 30. c4 dxc4 31. d5 cxd3 32. dxe6 fxe6 33. Qxf4 h2 34. Rh1 Qxg5 35. Qxg5 Rxg5 36. Rxh2 Rxe5 37. Rh7 Re2 38. Rg7 Rc2+ 39. Kd1 Rxb2 40. Rxg6 Rxf2 41. Rxe6 Rxf3 42. a3 Kd7 43. Rh6 c5 44. a4 c4 45. Rh4 c3 0-1

[Event "EU-ch U14"]
[Site "Herceg Novi"]
[Date "2006.09.18"]
[Round "8"]
[White "Lovik, Lasse Ostebo"]
[Black "Mocanu, Sergiu"]
[Result "0-1"]
[WhiteElo "2035"]
[BlackElo "1943"]
[PlyCount "30"]
[EventDate "2006.09.10"]
[EventType "swiss"]
[EventRounds "9"]
[EventCountry "MNE"]
[SourceTitle "CBM 114 Extra"]
[Source "ChessBase"]
[SourceDate "2006.11.03"]
[SourceVersion "1"]
[SourceVersionDate "2006.11.03"]
[SourceQuality "1"]

1. d4 Nf6 2. c4 b6 3. Nc3 Bb7 4. f3 e6 5. e4 d5 6. Bg5 dxe4 7. fxe4 Be7 8. Bxf6 Bxf6 9. Nf3 Nc6 10. e5 Bh4+ 11. Ke2 0-0 12. Qd2 Be7 13. Qe3 f6 14. g3 fxe5 15. Bh3 Rxf3 0-1

[Event "EU-ch U14"]
[Site "Herceg Novi"]
[Date "2006.09.17"]
[Round "7"]
[White "Mocanu, Sergiu"]
[Black "Lyaskovsky, Viktor"]
[Result "1/2-1/2"]
[WhiteElo "1943"]
[BlackElo "2111"]
[PlyCount "87"]
[EventDate "2006.09.10"]
[EventType "swiss"]
[EventRounds "9"]
[EventCountry "MNE"]
[SourceTitle "CBM 114 Extra"]
[Source "ChessBase"]
[SourceDate "2006.11.03"]
[SourceVersion "1"]
[SourceVersionDate "2006.11.03"]
[SourceQuality "1"]

1. e4 c5 2. Nf3 Nc6 3. d4 cxd4 4. Nxd4 Nf6 5. Nc3 e5 6. Ndb5 d6 7. Bg5 a6 8. Na3 b5 9. Nd5 Be7 10. Bxf6 Bxf6 11. c3 0-0 12. Nc2 Bg5 13. a4 bxa4 14. Rxa4 a5 15. Bc4 Rb8 16. b3 Kh8 17. Nce3 Bxe3 18. Nxe3 Ne7 19. 0-0 f5 20. exf5 Nxf5 21. Nxf5 Bxf5 22. Qd5 Qg5 23. Rxa5 Qg6 24. f3 Qh6 25. Re1 Qh4 26. Rd1 e4 27. g3 Qd8 28. f4 Bg4 29. Re1 Rf5 30. Qxf5 Bxf5 31. Rxf5 Qb6+ 32. Kg2 g6 33. Rb5 Qc7 34. Rxb8+ Qxb8 35. Bd5 Qb5 36. c4 Qxb3 37. Rxe4 Qc2+ 38. Kg1 Qc1+ 39. Kg2 Qc2+ 40. Kg1 Kg7 41. Re7+ Kh8 42. Re8+ Kg7 43. Re7+ Kh6 44. Bg8 1/2-1/2